000 00624nam 22002053 4500
001 201345
010 _a972-8115-68-7
021 _aPT
_b173354/01
090 _a201345
100 _a20260317d u||y0pory50 ba
200 _aO canto de Mársias : por uma poética do sacrifício
_fFernando Guerreiro
210 _aCoimbra
_cAngelus Novus
_dcop. 2001
215 _a154, [6] p.
_cil. ; brochado
_d23 cm
225 _aEnsaio Estética
606 _93661
_aCrítica Literária.Estudos Literários
675 _a82.09
_vPT
_zpor
700 _916778
_aGuerreiro
_bFernando
_f1950-
801 _aPT
_bBMMN
_gRPC
830 _cVanda
990 _cLIVROS